000 00439nam a2200157 4500
001 110046
003 ES-MaACL
005 20230906184951.0
007 t|
008 061121s1962 sp r ||||1| spa d
100 1 _aObregón Barreda, Luis.
_986428
245 1 3 _aEl universitario frente a la vida /
_cLuis Obregón Barreda.
260 _aMadrid :
_bAtenas,
_c1962.
300 _a158 p. ;
_c22 cm.
852 _aES-MaACL
_jC-22056
_bR.50895
999 _c110046
_d110046